| 000 | 00500nam a2200145Ia 4500 | ||
|---|---|---|---|
| 008 | 190426s9999 xx 000 0 und d | ||
| 020 | _a9781433808517 | ||
| 100 | _aFrank, Ellen.-- | ||
| 245 |
_cEllen Frank, Jessica C. Levenson.-- _aInterpersonal psychotherapy / |
||
| 260 |
_aUSA : _bAmerican psychological association _c2011 |
||
| 300 | _axiii, 154 pages. | ||
| 500 | _aIncludes bibliographical references and index. | ||
| 650 | _aInterpersonal psychotheraphy. | ||
| 650 | _aPsychology -- Methods. | ||
| 999 |
_c361679 _d361679 |
||